[Event "4NCL Online Division 4"]
[Site "online"]
[Date "2021.01.26"]
[Round "1.142"]
[White "Chilton, James I"]
[Black "Stoker, Andrew J"]
[Result "0-1"]
[WhiteElo "1858"]
[BlackElo "2019"]
[PlyCount "54"]
[EventDate "2021.01.26"]
[WhiteTeam "Wessex Some Stars D"]
[BlackTeam "Manchester Manticores 1"]

1. e4 e6 2. d4 d5 3. Nc3 Bb4 4. e5 c5 5. a3 Ba5 6. b4 cxb4 7. Nb5 f5 8. Bd2 Nc6
9. Nf3 bxa3 10. Nd6+ Kf8 11. c4 Nh6 12. cxd5 exd5 13. Bd3 g6 14. Rxa3 Nf7 15.
Rxa5 Nxa5 16. Bb4 Nxd6 17. Bxd6+ Kg7 18. h4 Re8 19. Kf1 Be6 20. h5 Rc8 21. hxg6
hxg6 22. Qd2 g5 23. Nxg5 Nb3 24. Nxe6+ Rxe6 25. Qf4 Rc1+ 26. Ke2 Rxh1 27. Qxf5
Nxd4+ 0-1

[Event "4NCL Online Division 4"]
[Site "online"]
[Date "2021.01.26"]
[Round "1.143"]
[White "Reed, John"]
[Black "Coburn, Joseph A"]
[Result "1-0"]
[WhiteElo "1885"]
[BlackElo "1777"]
[PlyCount "53"]
[EventDate "2021.01.26"]
[WhiteTeam "Manchester Manticores 1"]
[BlackTeam "Wessex Some Stars D"]

1. d4 d6 2. e4 Nf6 3. Nc3 g6 4. f4 c6 5. Nf3 Bg7 6. Bd3 Qc7 7. O-O O-O 8. Qe1
Nbd7 9. e5 Nd5 10. Nxd5 cxd5 11. Qh4 e6 12. Ng5 h6 13. Bxg6 Qd8 14. f5 fxg6 15.
f6 hxg5 16. Qxg5 dxe5 17. f7+ Kh7 18. Qg3 Nf6 19. Qh3+ Nh5 20. g4 Bh6 21. gxh5
Bxc1 22. hxg6+ Kxg6 23. Raxc1 Qg5+ 24. Kh1 Qh6 25. Rf6+ Kxf6 26. Qxh6+ Kxf7 27.
Rf1+ 1-0

[Event "4NCL Online Division 4"]
[Site "online"]
[Date "2021.01.26"]
[Round "1.144"]
[White "Moore, Gillian A"]
[Black "Kobryn, Peter J"]
[Result "1/2-1/2"]
[WhiteElo "1779"]
[BlackElo "1946"]
[PlyCount "141"]
[EventDate "2021.01.26"]
[WhiteTeam "Wessex Some Stars D"]
[BlackTeam "Manchester Manticores 1"]

1. d4 Nf6 2. Nc3 g6 3. Bf4 d6 4. e4 Bg7 5. Qd2 O-O 6. Nf3 Nbd7 7. O-O-O a6 8.
Bh6 e6 9. Be2 b5 10. Bxg7 Kxg7 11. h3 b4 12. e5 bxc3 13. exf6+ Nxf6 14. Qxc3
Ne4 15. Qe3 Bb7 16. Rhf1 Qe7 17. Bd3 d5 18. c3 a5 19. Nd2 Nd6 20. Rfe1 Ba6 21.
Bxa6 Rxa6 22. Qe5+ Qf6 23. b3 Qxe5 24. dxe5 Nb5 25. Nb1 a4 26. b4 Rc6 27. Rd3
Rc4 28. Kb2 d4 29. a3 Rd8 30. cxd4 Nxd4 31. Nc3 c5 32. bxc5 Rb8+ 33. Kc1 Rxc5
34. Kd2 Rb2+ 35. Kd1 Nb3 36. Re2 Rxe2 37. Kxe2 Rxe5+ 38. Kd1 Nc5 39. Rd4 Rf5
40. f3 h5 41. Nxa4 Nxa4 42. Rxa4 Rg5 43. g4 hxg4 44. hxg4 Rd5+ 45. Ke2 Kf6 46.
Rf4+ Ke7 47. Ra4 Kd6 48. Ra8 Ke5 49. Kf2 f5 50. a4 f4 51. a5 Rb5 52. a6 Rb2+
53. Ke1 Kd4 54. Rc8 Ra2 55. Rc6 e5 56. Rxg6 Ke3 57. Kd1 Kxf3 58. g5 e4 59. Re6
e3 60. g6 Ra1+ 61. Kc2 e2 62. g7 Rxa6 63. g8=Q Rxe6 64. Qxe6 Kf2 65. Kd2 f3 66.
Qe3+ Kg2 67. Ke1 Kg3 68. Qg1+ Kf4 69. Qf2 Ke4 70. Qg1 Kf4 71. Qf2 1/2-1/2

[Event "4NCL Online Division 4"]
[Site "online"]
[Date "2021.01.26"]
[Round "1.151"]
[White "Rossiter, Alex"]
[Black "Granat, Russell G"]
[Result "0-1"]
[WhiteElo "1963"]
[BlackElo "2266"]
[PlyCount "58"]
[EventDate "2021.01.26"]
[WhiteTeam "Bristol Cabot Blackbeards"]
[BlackTeam "Farnham A"]

1. e4 Nc6 2. Nf3 e5 3. d4 exd4 4. Bc4 Bc5 5. c3 d3 6. O-O d6 7. Qxd3 Bg4 8. Bf4
Qf6 9. Bg3 Bxf3 10. gxf3 h5 11. h3 h4 12. Bh2 Nge7 13. b4 Bb6 14. a4 a5 15. b5
Ne5 16. Bxe5 Qxe5 17. Kh1 O-O-O 18. Nd2 d5 19. exd5 Nxd5 20. Bxd5 Rxd5 21. Nc4
Rxd3 22. Nxe5 Rxc3 23. Kg2 Rh5 24. Rae1 Rg5+ 25. Kh2 Rf5 26. Re4 g5 27. Rd1 c6
28. Nd7 Bc7+ 29. Kg2 Rd5 0-1

[Event "4NCL Online Division 4"]
[Site "online"]
[Date "2021.01.26"]
[Round "1.152"]
[White "Richardson, Kevin D"]
[Black "Marston, Alastair"]
[Result "1-0"]
[WhiteElo "2154"]
[BlackElo "1766"]
[PlyCount "45"]
[EventDate "2021.01.26"]
[WhiteTeam "Farnham A"]
[BlackTeam "Bristol Cabot Blackbeards"]

1. e4 c5 2. Nf3 e6 3. d4 cxd4 4. Nxd4 Nc6 5. Nc3 Qc7 6. Be2 Nf6 7. O-O Be7 8.
Be3 d6 9. f4 O-O 10. Kh1 a6 11. a4 Na5 12. Bd3 Nc4 13. Bc1 e5 14. Nb3 Bd7 15.
Qe2 b5 16. axb5 axb5 17. Rxa8 Rxa8 18. Nd5 Nxd5 19. exd5 Bc8 20. fxe5 dxe5 21.
d6 Bxd6 22. Qe4 g6 23. Qxa8 1-0

[Event "4NCL Online Division 4"]
[Site "online"]
[Date "2021.01.26"]
[Round "1.153"]
[White "Roberts, Mike"]
[Black "Warren, Alex M"]
[Result "0-1"]
[WhiteElo "1429"]
[BlackElo "2000"]
[PlyCount "154"]
[EventDate "2021.01.26"]
[WhiteTeam "Bristol Cabot Blackbeards"]
[BlackTeam "Farnham A"]

1. d4 Nf6 2. Bf4 c5 3. e3 d5 4. Nf3 Nc6 5. Be2 Qb6 6. b3 Bf5 7. O-O e6 8. Nbd2
cxd4 9. exd4 Nxd4 10. Nxd4 Qxd4 11. Be3 Qc3 12. Bb5+ Nd7 13. Bxd7+ Kxd7 14. Rc1
Bd6 15. Nf3 Be4 16. Ng5 Qe5 17. f4 Qf5 18. c4 Rac8 19. Nxe4 Qxe4 20. Qe2 d4 21.
c5 Qxe3+ 22. Qxe3 dxe3 23. cxd6 Rxc1 24. Rxc1 Kxd6 25. Rd1+ Ke7 26. Re1 Rd8 27.
Rxe3 Rd2 28. a4 a5 29. f5 Rd6 30. g4 Kf6 31. fxe6 Rxe6 32. Rf3+ Ke7 33. Rc3 Rb6
34. Kg2 Rb4 35. Kf3 Kf6 36. h4 h5 37. gxh5 Rxh4 38. Rc5 Rh3+ 39. Kg4 Rxb3 40.
Rxa5 Rb4+ 41. Kh3 Rb6 42. Kg4 Ra6 43. Rf5+ Ke7 44. Rf4 Ra5 45. Rb4 b6 46. Re4+
Kd6 47. Rb4 Kc6 48. Rf4 f6 49. Rc4+ Rc5 50. Rb4 Rg5+ 51. Kh4 Rg1 52. Rb5 Rc1
53. Rb4 Rc5 54. Kg4 Rg5+ 55. Kh4 g6 56. hxg6 Rxg6 57. Rf4 Kc5 58. Kh5 Rg5+ 59.
Kh6 Rd5 60. Kg6 Rd4 61. Rf5+ Kc6 62. Rxf6+ Rd6 63. Kf5 Rxf6+ 64. Kxf6 Kc5 65.
Ke5 Kb4 66. Kd4 Kxa4 67. Kc3 b5 68. Kb2 Kb4 69. Ka2 Kc3 70. Kb1 Kb3 71. Ka1 Kc2
72. Ka2 b4 73. Ka1 Kb3 74. Kb1 Ka3 75. Ka1 b3 76. Kb1 b2 77. Kc2 Ka2 0-1

[Event "4NCL Online Division 4"]
[Site "online"]
[Date "2021.01.26"]
[Round "1.154"]
[White "Abhishek, Pradhan"]
[Black "Saha, Soumil"]
[Result "1-0"]
[WhiteElo "1860"]
[BlackElo "1176"]
[PlyCount "65"]
[EventDate "2021.01.26"]
[WhiteTeam "Farnham A"]
[BlackTeam "Bristol Cabot Blackbeards"]

1. d4 d5 2. c4 c6 3. Nc3 Bf5 4. Nf3 Nf6 5. cxd5 cxd5 6. Bf4 e6 7. Qb3 Bd6 8.
Bxd6 Qxd6 9. Qxb7 Qc6 10. Qb3 O-O 11. e3 Be4 12. Be2 Nbd7 13. O-O Rfb8 14. Qa3
Bxf3 15. Bxf3 Nb6 16. Be2 Rb7 17. Rac1 Nc4 18. Bxc4 Qxc4 19. Ne4 Qxf1+ 20. Rxf1
Nxe4 21. b3 Rc8 22. Rc1 Nc3 23. Kf1 Rcc7 24. Qb2 Ne4 25. Rxc7 Rxc7 26. f3 Nd6
27. a4 Nf5 28. Kf2 a5 29. g4 Nh4 30. Kg3 Ng6 31. b4 axb4 32. Qxb4 Ra7 33. Qb8+
1-0

[Event "4NCL Online Division 4"]
[Site "online"]
[Date "2021.01.26"]
[Round "1.161"]
[White "Jayawarna, Thisumi"]
[Black "Bell, Alan D"]
[Result "0-1"]
[WhiteElo "1626"]
[BlackElo "1982"]
[PlyCount "40"]
[EventDate "2021.01.26"]
[WhiteTeam "Manchester Juniors B"]
[BlackTeam "Grangemouth Gambiteers"]

1. e4 e5 2. Nf3 Nc6 3. Bc4 Nf6 4. Ng5 d5 5. exd5 Na5 6. Bb5+ c6 7. dxc6 bxc6 8.
Ba4 h6 9. Nf3 e4 10. Ng1 Bc5 11. Ne2 Ng4 12. O-O Qh4 13. h3 Nxf2 14. Rxf2 Qxf2+
15. Kh2 Bd6+ 16. Kh1 Bxh3 17. Qg1 Qh4 18. g3 Qh5 19. Qh2 Qf3+ 20. Kg1 Qf1# 0-1

[Event "4NCL Online Division 4"]
[Site "online"]
[Date "2021.01.26"]
[Round "1.162"]
[White "Mason, Ian C"]
[Black "Benhamida, Mohammed"]
[Result "1-0"]
[WhiteElo "1872"]
[BlackElo "1623"]
[PlyCount "39"]
[EventDate "2021.01.26"]
[WhiteTeam "Grangemouth Gambiteers"]
[BlackTeam "Manchester Juniors B"]

1. d4 Nf6 2. c4 g6 3. Nc3 Bg7 4. e4 d6 5. Nf3 Bg4 6. Be2 Nc6 7. Be3 e5 8. d5
Ne7 9. O-O O-O 10. Rc1 a6 11. b4 Nd7 12. c5 Rc8 13. Re1 f5 14. Ng5 Bxe2 15.
Qxe2 Rf6 16. Ne6 Qe8 17. Nxg7 Kxg7 18. f3 f4 19. Bf2 h6 20. Rc2 1-0

[Event "4NCL Online Division 4"]
[Site "online"]
[Date "2021.01.26"]
[Round "1.163"]
[White "Correa, Rebecca"]
[Black "Will, Douglas"]
[Result "0-1"]
[WhiteElo "1463"]
[BlackElo "1845"]
[PlyCount "86"]
[EventDate "2021.01.26"]
[WhiteTeam "Manchester Juniors B"]
[BlackTeam "Grangemouth Gambiteers"]

1. d4 Nf6 2. Nf3 g6 3. Bf4 d6 4. h3 Bg7 5. e3 O-O 6. Be2 c5 7. c3 cxd4 8. cxd4
Nc6 9. Nc3 Qa5 10. O-O e5 11. dxe5 dxe5 12. Bh2 Bf5 13. a3 Rad8 14. Qb3 e4 15.
Ne1 Rd7 16. Nc2 Rfd8 17. Rad1 Be6 18. Qa4 Rxd1 19. Rxd1 Qxa4 20. Nxa4 Bb3 21.
Rxd8+ Nxd8 22. Nc5 Bxc2 23. Bc7 Ne6 24. Nxe6 fxe6 25. Bc4 Nd5 26. Bg3 Bxb2 27.
a4 Bxa4 28. Kf1 Bc3 29. Ke2 b5 30. Ba2 b4 31. f4 Bc2 32. Be1 b3 33. Bxb3 Bxb3
34. Bxc3 Nxc3+ 35. Kd2 Nd5 36. g4 a5 37. Kc1 Nxe3 38. Kb2 a4 39. Kb1 a3 40. Ka1
Nc2+ 41. Kb1 e3 42. Kc1 e2 43. Kd2 e1=Q+ 0-1

[Event "4NCL Online Division 4"]
[Site "online"]
[Date "2021.01.26"]
[Round "1.164"]
[White "Fowler, David"]
[Black "Eccleston, Bryony"]
[Result "0-1"]
[WhiteElo "1223"]
[BlackElo "1387"]
[PlyCount "88"]
[EventDate "2021.01.26"]
[WhiteTeam "Grangemouth Gambiteers"]
[BlackTeam "Manchester Juniors B"]

1. e4 e6 2. d4 d5 3. e5 c5 4. Nf3 Nc6 5. Bb5 Qa5+ 6. Nc3 Bd7 7. O-O a6 8. Be2
Nge7 9. Bd2 Qc7 10. dxc5 Ng6 11. Na4 Ncxe5 12. Nb6 Rd8 13. Nxe5 Nxe5 14. Nxd7
Qxd7 15. b4 Qc7 16. c3 Nc4 17. Qa4+ Rd7 18. Bxc4 dxc4 19. Rad1 Qc6 20. Qxc6
bxc6 21. Be3 Rxd1 22. Rxd1 Be7 23. Bd4 O-O 24. Be5 Rd8 25. Rxd8+ Bxd8 26. Kf1
f6 27. Bg3 e5 28. Ke2 Kf7 29. Ke3 Ke6 30. f4 Bc7 31. fxe5 Bxe5 32. Bxe5 Kxe5
33. g4 g6 34. h3 h6 35. a4 f5 36. b5 cxb5 37. axb5 axb5 38. c6 Kd6 39. gxf5
gxf5 40. Kf4 Kxc6 41. Kxf5 b4 42. cxb4 c3 43. Ke4 c2 44. Kd3 c1=Q 0-1

[Event "4NCL Online Division 4"]
[Site "online"]
[Date "2021.02.09"]
[EventDate "2021.02.09"]
[Round "2.11"]
[White "Robinson, Brian"]
[WhiteElo "1717"]
[WhiteTeam "Bishop Trojans"]
[Black "Ball, Matthew P"]
[BlackElo "1794"]
[BlackTeam "Doughnuts of Doom"]
[Result "0-1"]
[PlyCount "106"]

1. d4 Nf6 2. Nf3 d5 3. e3 g6 4. c4 Bg7 5. Nc3 c6 6. Bd3 O-O 7. O-O Nbd7 8. b3 dxc4 9. bxc4 c5 10. Bb2 cxd4 11. exd4 Nb6 12. h3 Nh5 13. Ne2 Qc7 14. Rc1 Nf4 15. Nxf4 Qxf4 16. Ba1 Bf5 17. Re1 Bxd3 18. Qxd3 Rfe8 19. Rc2 Rad8 20. Re4 Qc7 21. Re1 e5 22. Rce2 Qxc4 23. Qxc4 Nxc4 24. dxe5 Re7 25. Re4 Nb6 26. Nh2 Red7 27. Kf1 Rd1 28. f4 R8d2 29. Re2 Rd8 30. Nf3 R8d7 31. Rxd1 Rxd1+ 32. Re1 Rd7 33. Ke2 Bh6 34. g3 Bf8 35. Ng5 h6 36. Ne4 Be7 37. g4 Nd5 38. Kf3 Nb4 39. Re2 Rd3+ 40. Kg2 b6 41. Bb2 Nd5 42. Bc1 Kf8 43. f5 gxf5 44. Bxh6+ Ke8 45. gxf5 b5 46. Re1 b4 47. f6 Bf8 48. Nd6+ Bxd6 49. exd6+ Kd7 50. Bf8 a5 51. h4 Re3 52. Rd1 Re5 53. Be7 Ne3+ 0-1

[Event "4NCL Online Division 4"]
[Site "online"]
[Date "2021.02.09"]
[EventDate "2021.02.09"]
[Round "2.12"]
[White "Smith, David W"]
[WhiteElo "1706"]
[WhiteTeam "Doughnuts of Doom"]
[Black "Smith, Peter J"]
[BlackElo "1645"]
[BlackTeam "Bishop Trojans"]
[Result "0-1"]
[PlyCount "96"]

1. d4 h6 2. Nf3 d6 3. e3 a6 4. b3 c6 5. Bb2 Qc7 6. Bd3 Nd7 7. Nbd2 Ngf6 8. Qe2 e6 9. a3 g5 10. h3 Bg7 11. O-O-O b5 12. e4 e5 13. dxe5 dxe5 14. h4 g4 15. Ne1 h5 16. f3 a5 17. fxg4 Nxg4 18. Nef3 f6 19. Nf1 Nf8 20. Ng3 Ng6 21. Kb1 Nf4 22. Qd2 Bh6 23. Nf5 Bxf5 24. exf5 Nh3 25. Qe1 Nhf2 26. Nxe5 fxe5 27. Bxe5 Qxe5 28. Qxe5+ Nxe5 29. Rhe1 Ng4 30. Be4 Rc8 31. f6 Kf7 32. Bf5 Rcd8 33. Bxg4 Nxg4 34. Re7+ Kxf6 35. Rde1 Rd1+ 36. Rxd1 Kxe7 37. Rf1 Rf8 38. Re1+ Kd7 39. Rd1+ Kc7 40. Re1 Ne3 41. Kb2 Nxg2 42. Re7+ Kd6 43. Rh7 Rf6 44. Rh8 Nxh4 45. Rd8+ Kc7 46. Rd3 Bg7 47. Ka2 Rf1 48. b4 Ra1+ 0-1

[Event "4NCL Online Division 4"]
[Site "online"]
[Date "2021.02.09"]
[EventDate "2021.02.09"]
[Round "2.13"]
[White "Bainbridge, Bryan J"]
[WhiteElo "1546"]
[WhiteTeam "Bishop Trojans"]
[Black "Ball, Katie C"]
[BlackElo "1525"]
[BlackTeam "Doughnuts of Doom"]
[Result "0-1"]
[PlyCount "112"]

1. e4 d5 2. Nc3 d4 3. Nb1 e5 4. d3 Nc6 5. g3 Nf6 6. Bg2 Be7 7. f4 Bd6 8. f5 Ne7 9. g4 c5 10. Nd2 Nc6 11. Nc4 Na5 12. Nxd6+ Qxd6 13. Bd2 Nc6 14. h3 Bd7 15. a3 O-O-O 16. Nf3 h5 17. g5 Nh7 18. h4 g6 19. f6 Nf8 20. O-O Bg4 21. Qc1 Nd7 22. Kh2 Qe6 23. b3 Nb6 24. Ng1 Kb8 25. Be1 Nd7 26. Bf3 Nf8 27. Qd1 Nh7 28. Bxg4 hxg4 29. Kg3 Rde8 30. Qxg4 Nd8 31. Qxe6 Nxe6 32. Nf3 Nf4 33. Nd2 Nf8 34. Nc4 Kc7 35. Bd2 b5 36. Bxf4 exf4+ 37. Rxf4 bxc4 38. bxc4 Ne6 39. Rff1 Rb8 40. Rab1 Rxb1 41. Rxb1 Rb8 42. Rxb8 Kxb8 43. Kg4 Kc7 44. h5 Kd6 45. h6 Nf8 46. Kf4 Nh7 47. a4 a5 48. e5+ Ke6 49. Ke4 Nxg5+ 50. Kf4 Nh7 51. Ke4 g5 52. Kf3 Kxe5 53. Ke2 Kxf6 54. Kd2 g4 55. Ke2 Kg5 56. Kf2 f5 0-1

[Event "4NCL Online Division 4"]
[Site "online"]
[Date "2021.02.09"]
[EventDate "2021.02.09"]
[Round "2.14"]
[White "Ball, Charlie"]
[WhiteElo "1467"]
[WhiteTeam "Doughnuts of Doom"]
[Black "Berry, Robert"]
[BlackElo "1520"]
[BlackTeam "Bishop Trojans"]
[Result "1-0"]
[PlyCount "51"]

1. e4 e5 2. Nf3 Nc6 3. d4 exd4 4. Bc4 h6 5. c3 dxc3 6. O-O cxb2 7. Bxb2 d6 8. e5 Bg4 9. Re1 Nge7 10. exd6 cxd6 11. Qb3 Bh5 12. Nbd2 Qc7 13. Bb5 O-O-O 14. Bxc6 Nxc6 15. Rac1 f6 16. Nd4 Bf7 17. Qh3+ Qd7 18. Nxc6 bxc6 19. Rxc6+ Kb7 20. Qxd7+ Rxd7 21. Rc2 Bxa2 22. Bd4 Bd5 23. Rb1+ Ka6 24. Nc4 Bxc4 25. Rxc4 Ka5 26. Bc3+ 1-0

[Event "4NCL Online Division 4"]
[Site "online"]
[Date "2021.02.09"]
[EventDate "2021.02.09"]
[Round "2.21"]
[White "Kirkham, Mark"]
[WhiteElo "1823"]
[WhiteTeam "Sheffield Deaf"]
[Black "Shah, Sailesh"]
[BlackElo "1200"]
[BlackTeam "Hatch End B"]
[Result "1-0"]
[PlyCount "163"]

1. d4 Nf6 2. c4 e6 3. Nc3 Bb4 4. Qc2 Bxc3+ 5. Qxc3 h6 6. Nf3 d6 7. g3 Nbd7 8. Bg2 c6 9. Bf4 Ne4 10. Qc2 f5 11. Nd2 Ndf6 12. Nxe4 fxe4 13. Bxe4 Nxe4 14. Qxe4 Qe7 15. Qg6+ Kd7 16. O-O-O b6 17. Kb1 Ba6 18. Qc2 Rhf8 19. c5 bxc5 20. dxc5 d5 21. Bd6 Qf6 22. Bxf8 Rxf8 23. f4 Rb8 24. Rd2 Bc4 25. Rc1 Rb5 26. Qa4 Qf5+ 27. Ka1 Ke7 28. Qxa7+ Kf6 29. Qc7 Rxc5 30. b3 Kg6 31. bxc4 dxc4 32. Rdc2 Qf6+ 33. Rc3 Qd4 34. Qe7 Rb5 35. Qxe6+ Kh7 36. Qxc4 Qd2 37. Qd3+ Qxd3 38. exd3 c5 39. Rxc5 Rb4 40. R5c4 Rb6 41. d4 Re6 42. d5 Re2 43. d6 Rxh2 44. d7 Rd2 45. Rc6 Rxd7 46. R6c2 Rd3 47. a4 Rxg3 48. Ra2 Rg4 49. a5 Rxf4 50. a6 Rf8 51. a7 Ra8 52. Rb1 h5 53. Rb8 Rxa7 54. Rxa7 Kh6 55. Ra6+ g6 56. Rg8 h4 57. Raxg6+ Kh7 58. Rg2 h3 59. Rh2 Kxg8 60. Rxh3 Kg7 61. Kb2 Kg6 62. Kc3 Kg5 63. Kd4 Kg4 64. Rh1 Kg3 65. Ke3 Kg2 66. Re1 Kg3 67. Ke4 Kf2 68. Rb1 Kg3 69. Kf5 Kf3 70. Re1 Kf2 71. Re5 Kf3 72. Re6 Kg3 73. Kg5 Kf3 74. Re5 Kg3 75. Re3+ Kf2 76. Kf4 Kg2 77. Re2+ Kf1 78. Kf3 Kg1 79. Rf2 Kh1 80. Kg3 Kg1 81. Rf3 Kh1 82. Rf1# 1-0

[Event "4NCL Online Division 4"]
[Site "online"]
[Date "2021.02.09"]
[EventDate "2021.02.09"]
[Round "2.22"]
[White "Shah, Ashok"]
[WhiteElo "1103"]
[WhiteTeam "Hatch End B"]
[Black "Litherland, Reuben"]
[BlackElo "1320"]
[BlackTeam "Sheffield Deaf"]
[Result "0-1"]
[PlyCount "120"]

1. e4 c5 2. Nf3 e6 3. c3 Nc6 4. d4 cxd4 5. Nxd4 Nf6 6. Bg5 Nxd4 7. Qxd4 Be7 8. Bf4 O-O 9. Bd3 b6 10. e5 Nd5 11. Qe4 f5 12. Qf3 Nxf4 13. Qxf4 g5 14. Qf3 Rb8 15. O-O Bb7 16. Qh5 Qc7 17. g4 Qc6 18. f3 Rf7 19. gxf5 exf5 20. Re1 Qxf3 21. Qxf3 Bxf3 22. Bc4 d5 23. e6 Bc5+ 24. Kf1 Re7 25. Nd2 dxc4 26. Nxf3 g4 27. Ne5 Rxe6 28. Nd7 Rxe1+ 29. Rxe1 Rc8 30. Nf6+ Kf7 31. Nxh7 Kg6 32. Re5 Kxh7 33. Rxf5 Rf8 34. Rxf8 Bxf8 35. Kg2 Kg6 36. Kg3 Kg5 37. a3 Bd6+ 38. Kf2 Bxh2 39. Kg2 Bd6 40. a4 a5 41. Kf2 Kh4 42. Ke3 Kh3 43. Kf2 Kh2 44. Ke3 g3 45. Kf3 g2 46. Ke3 g1=Q+ 47. Ke4 Qd1 48. Kf5 Qxa4 49. Ke6 Qc6 50. Kf6 Ba3+ 51. Kf7 Bxb2 52. Ke7 Bxc3 53. Kf7 a4 54. Ke7 Ba5 55. Kf7 c3 56. Kg7 c2 57. Kh7 c1=Q 58. Kg7 Q1h6+ 59. Kf7 Qh7+ 60. Kf8 Qc8# 0-1

[Event "4NCL Online Division 4"]
[Site "online"]
[Date "2021.02.09"]
[EventDate "2021.02.09"]
[Round "2.23"]
[White "Cooper, Howard"]
[WhiteElo "1233"]
[WhiteTeam "Sheffield Deaf"]
[Black "Scales, Barry"]
[BlackElo "1133"]
[BlackTeam "Hatch End B"]
[Result "1/2-1/2"]
[PlyCount "46"]

1. d4 d5 2. Bf4 Bf5 3. e3 e6 4. a3 a6 5. Nf3 Nf6 6. Bd3 Bg4 7. Be2 Bd6 8. Ne5 Bxe2 9. Qxe2 Bxe5 10. Bxe5 Nc6 11. Bg3 Ne4 12. Qf3 Qe7 13. O-O O-O-O 14. Rd1 Na5 15. Nd2 Nxg3 16. Qxg3 g6 17. f4 f5 18. b4 Nc4 19. Nxc4 dxc4 20. c3 Rd5 21. Qh3 h5 22. Qg3 Rh6 23. h4 Kb8 1/2-1/2

[Event "4NCL Online Division 4"]
[Site "online"]
[Date "2021.02.09"]
[EventDate "2021.02.09"]
[Round "2.24"]
[White "Smyth, Peter"]
[WhiteElo "970"]
[WhiteTeam "Hatch End B"]
[Black "Keil, Conrad"]
[BlackElo "1100"]
[BlackTeam "Sheffield Deaf"]
[Result "1-0"]
[PlyCount "77"]

1. e4 e5 2. Qf3 Nc6 3. Bc4 Nh6 4. d3 Nd4 5. Qd1 Bd6 6. c3 Nc6 7. Qh5 O-O 8. Bxh6 gxh6 9. Qxh6 Ne7 10. Nf3 Ng6 11. Ng5 Qxg5 12. Qxg5 Be7 13. Qg3 Kh8 14. h4 Nf4 15. Qf3 d6 16. g3 Ne6 17. Na3 a6 18. O-O-O b5 19. Bd5 Ra7 20. d4 exd4 21. cxd4 c5 22. e5 Nxd4 23. Rxd4 cxd4 24. Be4 Rc7+ 25. Nc2 dxe5 26. Qh5 f5 27. Bd3 e4 28. Bxe4 fxe4 29. Qe5+ Kg8 30. Qxc7 Kf7 31. Nxd4 Kf6 32. Re1 Bf5 33. Nc6 Rf7 34. Qe5+ Kg6 35. g4 Bf6 36. Qf4 Bd7 37. h5+ Kg7 38. Ne5 Be6 39. Nxf7 1-0

[Event "4NCL Online Division 4"]
[Site "online"]
[Date "2021.02.09"]
[EventDate "2021.02.09"]
[Round "2.31"]
[White "Mackle, Dominic"]
[WhiteElo "2152"]
[WhiteTeam "Hackney Thirsty"]
[Black "Fink-Nunn, Petra"]
[BlackTitle "WFM"]
[BlackElo "2050"]
[BlackTeam "Bude Surfers"]
[Result "0-1"]
[PlyCount "60"]

1. d4 d5 2. c4 e6 3. Nc3 Be7 4. Nf3 Nf6 5. Bf4 O-O 6. e3 c5 7. dxc5 Bxc5 8. Qc2 Nc6 9. a3 Re8 10. O-O-O e5 11. Bg5 d4 12. exd4 Nxd4 13. Nxd4 Bxd4 14. Nd5 Be6 15. Nxf6+ gxf6 16. Bh4 Rc8 17. Rd3 b5 18. Rg3+ Kh8 19. Qe4 bxc4 20. Be2 Rb8 21. b4 Rb6 22. Rd1 Rd6 23. Qf3 Bd5 24. Qf5 Qe7 25. Kb1 Qe6 26. Qh5 Be4+ 27. Kc1 c3 28. Qh6 Rg8 29. Rxg8+ Kxg8 30. Bd3 Qb3 0-1

[Event "4NCL Online Division 4"]
[Site "online"]
[Date "2021.02.09"]
[EventDate "2021.02.09"]
[Round "2.32"]
[White "Constable, Christine F"]
[WhiteElo "1455"]
[WhiteTeam "Bude Surfers"]
[Black "Tennyson, John"]
[BlackElo "1982"]
[BlackTeam "Hackney Thirsty"]
[Result "1-0"]
[PlyCount "105"]

1. d4 Nf6 2. c4 e6 3. g3 d5 4. Bg2 Be7 5. Nf3 O-O 6. O-O b6 7. cxd5 exd5 8. Bf4 Bb7 9. Nc3 a6 10. Rc1 Nbd7 11. Ne5 Rc8 12. Qb3 Nxe5 13. dxe5 Ne4 14. Nxe4 dxe4 15. Rfd1 Qe8 16. e6 Bc5 17. exf7+ Qxf7 18. Qxf7+ Rxf7 19. e3 a5 20. Bf1 Re7 21. Bc4+ Kf8 22. Bg5 Re5 23. Rd8+ Rxd8 24. Bxd8 c6 25. Bc7 Re7 26. Bf4 Rd7 27. Bb3 Ba6 28. Be6 Rd2 29. Bf5 Bd3 30. Bxh7 Rxb2 31. a4 Ra2 32. Bf5 Rxa4 33. Bd7 Bb5 34. Rd1 Ra2 35. h4 a4 36. Be5 a3 37. Be6 Rc2 38. Bb3 Bd3 39. Bxc2 Bxc2 40. Rd8+ Ke7 41. Ra8 g6 42. g4 Ke6 43. Ba1 b5 44. h5 gxh5 45. gxh5 Kf7 46. Ra6 b4 47. Rxc6 Bf8 48. Rxc2 b3 49. Rc7+ Kg8 50. Rb7 b2 51. Bxb2 axb2 52. Rxb2 Kh7 53. Rb5 1-0

[Event "4NCL Online Division 4"]
[Site "online"]
[Date "2021.02.09"]
[EventDate "2021.02.09"]
[Round "2.33"]
[White "Baumann, Tobias"]
[WhiteElo "2005"]
[WhiteTeam "Hackney Thirsty"]
[Black "Richards, Maurice A"]
[BlackElo "1454"]
[BlackTeam "Bude Surfers"]
[Result "1-0"]
[PlyCount "81"]

1. e4 e6 2. d4 d5 3. Nd2 Nc6 4. c3 e5 5. exd5 Qxd5 6. Ngf3 exd4 7. Bc4 Qh5 8. O-O Be7 9. cxd4 Nf6 10. Re1 O-O 11. Nf1 Bd6 12. Ng3 Bxg3 13. hxg3 Bg4 14. Bf4 Nd5 15. Be5 Bxf3 16. gxf3 Ncb4 17. a3 Nb6 18. Rc1 N4d5 19. Bxd5 Nxd5 20. Bxc7 Rfc8 21. Re5 Qxe5 22. Bxe5 f6 23. Rxc8+ Rxc8 24. Qb3 Rd8 25. Bc7 Rd7 26. Qxb7 Kf7 27. Qb3 Ke7 28. Ba5 Ke6 29. Qc2 g6 30. Qe4+ Kf7 31. Bd2 Nb6 32. Bc3 Re7 33. Qc6 Re6 34. Qc5 Re7 35. d5 Rd7 36. d6 Ke6 37. Bb4 Nd5 38. Qc4 g5 39. Qe4+ Kf7 40. Qxd5+ Kg6 41. Qe6 1-0

[Event "4NCL Online Division 4"]
[Site "online"]
[Date "2021.02.09"]
[EventDate "2021.02.09"]
[Round "2.34"]
[White "Russell, Lloyd"]
[WhiteElo "1259"]
[WhiteTeam "Bude Surfers"]
[Black "Ciesielski, Marceli"]
[BlackElo "1769"]
[BlackTeam "Hackney Thirsty"]
[Result "0-1"]
[PlyCount "90"]

1. e4 c5 2. Bc4 d6 3. Nf3 Nf6 4. d3 e6 5. Bf4 Be7 6. Qd2 Nc6 7. a3 a6 8. Nc3 b5 9. Ba2 O-O 10. O-O d5 11. e5 Nd7 12. d4 cxd4 13. Nxd4 Ndxe5 14. b4 Bf6 15. Nxc6 Nxc6 16. Rad1 Bb7 17. Ne2 Rc8 18. c3 Ne5 19. Bb1 Nc4 20. Qd3 g6 21. Rd2 Nxd2 22. Qxd2 e5 23. Bh6 Bg7 24. Bg5 Qc7 25. Ba2 Qc6 26. f3 e4 27. Nd4 Qxc3 28. Rd1 Qxa3 29. Be7 Rfe8 30. Bc5 Rxc5 31. bxc5 Bxd4+ 32. Qxd4 Qxa2 33. Rd2 Qc4 34. Qf2 e3 35. Qe1 Qxc5 36. Re2 d4 37. Qd1 Qc4 38. h3 d3 39. Rb2 e2 40. Qe1 Qd4+ 41. Kh2 Qxb2 42. h4 d2 43. Qg3 e1=Q 44. h5 d1=Q 45. hxg6 Qh1# 0-1

[Event "4NCL Online Division 4"]
[Site "online"]
[Date "2021.02.09"]
[EventDate "2021.02.09"]
[Round "2.41"]
[White "Brozel, Sacha"]
[WhiteElo "2310"]
[WhiteTeam "Barnet Knights A"]
[Black "Johnson, Paul A"]
[BlackElo "1797"]
[BlackTeam "Bradford DCA Knights B"]
[Result "1-0"]
[PlyCount "79"]

1. g3 e5 2. c4 Nf6 3. Bg2 Nc6 4. Nc3 Bb4 5. Nd5 Bc5 6. e3 d6 7. a3 a5 8. Ne2 O-O 9. O-O Nxd5 10. cxd5 Ne7 11. b3 f6 12. Bb2 Bf5 13. f4 Bd3 14. Rf2 c6 15. b4 Bxe2 16. Qxe2 axb4 17. dxc6 bxc6 18. axb4 Rxa1+ 19. Bxa1 Bb6 20. Bxc6 Nxc6 21. Qc4+ Kh8 22. Qxc6 Qc7 23. Qxc7 Bxc7 24. d4 Ra8 25. Bc3 Bb6 26. Rd2 Ra3 27. Rc2 h6 28. Kf2 exd4 29. Bxd4 Bxd4 30. exd4 Rd3 31. b5 Rxd4 32. Rb2 Re4 33. b6 Re8 34. b7 Rb8 35. Ke3 Kg8 36. Kd4 Kf7 37. Kd5 Ke7 38. Kc6 d5 39. Kc7 Rd8 40. Re2+ 1-0

[Event "4NCL Online Division 4"]
[Site "online"]
[Date "2021.02.09"]
[EventDate "2021.02.09"]
[Round "2.42"]
[White "Clarke, Paul R H"]
[WhiteElo "1729"]
[WhiteTeam "Bradford DCA Knights B"]
[Black "Rasalingam, Haran"]
[BlackElo "2087"]
[BlackTeam "Barnet Knights A"]
[Result "0-1"]
[PlyCount "52"]

1. d4 f5 2. Bf4 d6 3. Nf3 Nf6 4. e3 e6 5. Bc4 Qe7 6. c3 g6 7. Qb3 Bg7 8. Nbd2 O-O 9. O-O-O Nc6 10. Qc2 Kh8 11. Bg5 d5 12. Bb5 Bd7 13. Bd3 e5 14. dxe5 Nxe5 15. Nxe5 Qxe5 16. Bf4 Qe7 17. Bxc7 Ne4 18. Ba5 Nxf2 19. Bb4 Qxe3 20. Bxf8 Nxd3+ 21. Kb1 Rxf8 22. Nf1 Qg5 23. Rxd3 f4 24. Qd2 Bf5 25. Ka1 Bxd3 26. Qxd3 Qxg2 0-1